00418ntaaa2200157 45000030003000000050017000030080021000200400037000410820017000781000017000952450045001122500010001572600057001673000010002246500026002340120251027202217.00714s1973 ag 01  aAR-BaBNbspacAR-BaBNeaacrdRIC a268.0000 B99 aByrne, H.W.  aChristian education for the local church a1 ed. aGrand Rapids : bZondervan Publishing House, cc1963 a355 p aeducación religiosa